00325 a2200109 4500001000700000020000600007040001100013100004300024240007200067245006700139362000900206165737 a  cMagnum aOliveira, Maria Rita Neto Sales Et Al.10aA reconstrucao da didatica - elementos teorico - metodologicoslpor10aA reconstrucao da didatica - elementos teorico - metodologicos0 a1899